书目信息 |
| 题名: |
房龙讲述人类的故事
|
|
| 作者: | 房龙 著 ;若愚 译 | |
| 分册: | ||
| 出版信息: | 北京 东方出版社 2004 |
|
| 页数: | 11,379页 | |
| 开本: | 23cm | |
| 丛书名: | “大师·名著·故事”系列 | |
| 单 册: | ||
| 中图分类: | Q98-49 , K109 | |
| 科图分类: | ||
| 主题词: | 人类学--普及读物 , 世界史--通俗读物 | |
| 电子资源: | ||
| ISBN: | 7-5060-1927-2 | |
| 000 | 01004oam2 2200289 450 | |
| 001 | 1556396088 | |
| 005 | 20150119154026.12 | |
| 010 | @a7-5060-1927-2@dCNY58.00 | |
| 100 | @a20041026d2004 em y0chiy50 ea | |
| 101 | 1 | @achi@ceng |
| 102 | @aCN@b110000 | |
| 105 | @aa z 000yy | |
| 200 | 1 | @a房龙讲述人类的故事@9fang long jiang shu ren lei de gu shi@f(美)房龙著@g若愚译 |
| 210 | @a北京@c东方出版社@d2004 | |
| 215 | @a11,379页@c照片,图(28页)@d23cm | |
| 225 | 2 | @a“大师·名著·故事”系列 |
| 330 | @a本书是人类学通俗读物,涉及人类的起源与演变,从尼罗河畔第一个人类国家建立以来人类的宗教、生活、艺术、科学史等内容。 | |
| 461 | 0 | @12001 @a“大师·名著·故事”系列 |
| 510 | 1 | @aThe Story of Mankind@zeng |
| 606 | 0 | @a人类学@j普及读物 |
| 606 | 0 | @a世界史@j通俗读物 |
| 690 | @aQ98-49@v5 | |
| 690 | @aK109@v5 | |
| 701 | 0 | @c(美)@a房龙@9fang long@c(Van Loon, Hendrik Willem@f1882~1944)@4著 |
| 702 | 0 | @a若愚@9ruo yu@c(文史)@4译 |
| 801 | 0 | @aCN@bTSSF@c20150119 |
| 905 | @aZUCC@dQ98-49@eJY19 | |
| 房龙讲述人类的故事/(美)房龙著/若愚译.-北京:东方出版社,2004 |
| 11,379页:照片,图(28页);23cm.-(“大师·名著·故事”系列) |
| ISBN 7-5060-1927-2:CNY58.00 |
| 本书是人类学通俗读物,涉及人类的起源与演变,从尼罗河畔第一个人类国家建立以来人类的宗教、生活、艺术、科学史等内容。 |
| ● |
| 相关链接 |
|
|
|
|
正题名:房龙讲述人类的故事
索取号:Q98-49/JY19
 
预约/预借
| 序号 | 登录号 | 条形码 | 馆藏地/架位号 | 状态 | 备注 |
| 1 | 7847965 | 278479656 | 学院路分馆/ [索取号:Q98-49/JY19] | 在馆 |